| 000 | 04633pam a2200373 i 4500 | ||
|---|---|---|---|
| 001 | 768714001 | ||
| 003 | CO-MdFUSB | ||
| 005 | 20210610104340.0 | ||
| 007 | ta | ||
| 008 | 871223t1988 ilua b 001 0ceng | ||
| 010 | _a87034974 | ||
| 020 | _a0802490514 | ||
| 040 |
_aDLC _cCO-MdFUSB _dCPU _dCO-MdFUSB _bspa _erda |
||
| 041 | _aeng | ||
| 082 |
_223 _a270.092 _bG786 |
||
| 090 | _aBR 1700.2 .G74 1988 | ||
| 240 | _aGrandes líderes de la iglesia. | ||
| 245 | 0 | 0 |
_aGreat leaders of the Christian church _c/ editado por John D. Woodbridge |
| 264 | 1 |
_aChicago : _bMoody Press, _c[1988] |
|
| 264 | 4 | _c© 1988 | |
| 300 |
_a384 pàginas. : _bilustraciones a color. ; _c24 cm. |
||
| 336 |
_2rdacontent _atexto _btdi |
||
| 337 |
_2rdamedia _aotro _bn |
||
| 338 |
_2rdacarrier _avolumen _bnc |
||
| 504 | _aBibliografía: (páginas. 372-379 ) Incluye índice. | ||
| 505 | _aPeter / DA Carson - Paul / FF Bruce - Mapa: los viajes misioneros de Paul - John / Leon Morris - Ignacio de Antioquía / Edwin M. Yamauchi - Justin Martyr / Edwin M. Yamauchi - Irenaeus / Everett Ferguson - Diagrama de tiempo: AD 1-300 - Tertuliano / Gerald L. Bray - Origen / Robert V. Schnucker - Cipriano de la Iglesia Cartago / Michael A. Smith - Atanasio / Gerald L. Bray - Basilio el Grande y el monasticismo oriental / Michael A. Smith - Los primeros monjes - Diagrama: 300-600 - Jerome / Everett Ferguson - John Chrysostom / David F. Wright - Agustín de Hippo / Ronald H. Nash - Leo el Grande / Everett Ferguson - Patrick / Caroline T. Marshall - Columba / Robert D. Linder - Gregory the Great / Robert G. Clouse - The Venerable Bede / Caroline T. Marshall - Timechart: 600-1000 - - Bonifacio / Harold OJ Brown - Alcuin / James H. Pain - Anselmo de Canterbury / H. Dermot McDonald - Las Cruzadas - Bernard of Clairvaux / Harold OJ Brown - Timechart 1000-1400 - Peter Abelard / James H Dolor - Monasticismo medieval - Thomas Beckett / Robert G. Clouse - Papa Inocencio III / Thomas Kay - Francisco de Asís / Rodney L. Petersen - Thomas Aquinas / H. Dermot McDonald - John Wyclif / ANS Lane - Catalina de Siena / Caroline T. Marshall - John Hus / ANS Lane - Martin Luther / W. Robert Godfrey - Ulrich (Huldrych) Zwingli / Geoffrey W. Bromiley - William Tyndale / ANS Lane - John Calvin / James I. Packer - Thomas Cranmer / Peter Toon - Ignatius Loyola / Robert D. Linder - Diagrama: 1400-1700 - Religiones de Europa en 1600 - Francis Xavier / Robert D. Linder - Menno Simons / Kenneth R. Davis - John Knox / JD Douglas - Teresa de Ávila / Caroline T. Marshall - Blaise Pascal / Peter Toon - John Owen / Peter Toon - John Bunyan / Roger Pooley - ñGeorge Fox / Arthur O. Roberts - Philipp Jakob Spener / Ian Sellers - Jonathan Edwards / Paul Helm - John y Charles Wesley / A. Skevington Wood - George Whitefield / Arnold A. Dallimore - William Wilberforce / John C. Pollock - William Carey / Ruth Tucker - Elizabeth Fry / David W. Bebbington - Diagrama: 1700-2000 - Charles Grandison Finney / Garth Rosell - George Mùller / Cyril J. Davey - Sören Kierkegaard / C. Stephen Evans - David Livingston / Brian Stanley - CH Spurgeon / David W. Bebbington -DL Moody / John C. Pollock - BB Warfield / Roger Nicole -Karl Barth / Geoffrey W. Bromiley - Dietrich Bonhoeffer / Richard V. Pierard - CS Lewis / Lyle W. Dorsett - Billy Graham / John C. Pollock - Francis Schaeffer / David Porter. | ||
| 520 | _aVea cómo Dios usó santos defectuosos para hacer su voluntad, guiando a diferentes personalidades para hacer su obra. El libro es imprescindible para aquellos que estén interesados en la vida de los cristianos a lo largo de la historia de la iglesia ... [El libro] cubre desde el apóstol Peter y Paul hasta el evangelista Billy Graham (... 64 personas) ... [No] está destinado a ser un trabajo integral, sino una introducción a sus vidas para que podamos comenzar a familiarizarnos con ellos. Y si desea estudiar más a fondo a las personas, hay una sección de "Lecturas adicionales" al final del libro ... Cubre a las personas más influyentes ... a lo largo de la historia de la iglesia ... hay un tratamiento limitado para Padres de la Iglesia del Este (es decir, no hay cobertura para los Padres Capadocios) ... El libro es colorido y tiene muchas imágenes para que la lectura sea interesante e inspiradora. También tiene un útil cuadro de líneas de tiempo para que cada persona muestre la visión de su vida rápidamente ". | ||
| 563 | _aRústico | ||
| 650 | 0 |
_aBiografías cristianas _91238 |
|
| 700 | 1 |
_aWoodbridge, John D., _d1941- _eeditor |
|
| 942 | _cBK | ||
| 945 | _aJTF-925 | ||
| 999 |
_c66423 _d66423 |
||